000
00278nam a2200121Ia 4500
008
190216s9999||||xx |||||||||||||| ||und||
100
_a
Gulab Simh
245
0
_a
Hindi-Bams-Ban Aur Bamsuri
260
_b
Alpana Prakashan
_c
2008
300
_a
108
650
_a
Hindi
942
_c
BK
999
_c
16544
_d
16544